[Event "AUT-chT2O 0809"]
[Site "Austria"]
[Date "2008.10.03"]
[Round "1.5"]
[White "Zetthofer, Gerald"]
[Black "Zoernpfenning, Siegfried"]
[Result "1-0"]
[WhiteElo "2273"]
[BlackElo "2115"]
[PlyCount "87"]
[EventDate "2008.10.03"]
[EventType "team-tourn"]
[EventRounds "11"]
[EventCountry "AUT"]
[SourceTitle "EXT 2009"]
[Source "ChessBase"]
[SourceDate "2008.11.26"]
[SourceVersion "1"]
[SourceVersionDate "2008.11.26"]
[SourceQuality "1"]
[WhiteTeam "Waehring"]
[BlackTeam "Tschaturanga"]
[WhiteTeamCountry "AUT"]
[BlackTeamCountry "AUT"]

1. d4 d5 2. c4 c6 3. Nc3 Nf6 4. Nf3 e6 5. e3 Be7 6. Bd3 0-0 7. 0-0 Nbd7 8. Qe2 Re8 9. e4 dxe4 10. Nxe4 Nxe4 11. Bxe4 Qc7 12. Rd1 b6 13. Ne5 Nxe5 14. dxe5 Bb7 15. Rd3 g6 16. Bf4 Rad8 17. Rad1 Rxd3 18. Rxd3 Rd8 19. a4 c5 20. Rxd8+ Bxd8 21. Bxb7 Qxb7 22. Qd3 Be7 23. Bh6 Qc7 24. f4 f6 25. Qe4 Qd7 26. Kf2 Kf7 27. b3 Qd2+ 28. Kg3 Qc3+ 29. Qf3 Qxf3+ 30. Kxf3 fxe5 31. Ke4 exf4 32. Bxf4 Ke8 33. Bb8 Kd7 34. Ke5 a6 35. h3 Bh4 36. Ba7 Bg3+ 37. Kf6 Bc7 38. a5 Kc6 39. Kxe6 b5 40. cxb5+ axb5 41. a6 c4 42. bxc4 bxc4 43. Be3 Bb6 44. a7 1-0

[Event "Stockerau op-A"]
[Site "Stockerau"]
[Date "2006.05.26"]
[Round "3"]
[White "Zetthofer, Gerald"]
[Black "Weinzettl, Ernst"]
[Result "1-0"]
[WhiteElo "2255"]
[BlackElo "2319"]
[PlyCount "64"]
[EventDate "2006.05.25"]
[EventType "swiss"]
[EventRounds "5"]
[EventCountry "AUT"]
[SourceTitle "CBM 112 Extra"]
[Source "ChessBase"]
[SourceDate "2006.07.14"]
[SourceVersion "1"]
[SourceVersionDate "2006.07.14"]
[SourceQuality "1"]

1. d4 e6 2. c4 Nf6 3. Nf3 Bb4+ 4. Bd2 a5 5. a3 Bxd2+ 6. Qxd2 b6 7. Nc3 Bb7 8. e3 d6 9. Be2 Nbd7 10. 0-0 Ne4 11. Qc2 Nxc3 12. Qxc3 a4 13. c5 bxc5 14. dxc5 Nxc5 15. Qxg7 Ke7 16. Qg5+ Kd7 17. Qf4 Qe7 18. Rfd1 Rhg8 19. Rac1 Kc8 20. g3 Rb8 21. Ne1 Rg5 22. Nd3 Ne4 23. Qh4 Qf6 24. f3 Rg7 25. Qh5 Rxg3+ 26. hxg3 Nxg3 27. Rxc7+ Kxc7 28. Qa5+ Kd7 29. Ne5+ Qxe5 30. Qxe5 Nxe2+ 31. Kf2 Bd5 32. Rxd5 exd5 1-0

[Event "AUT-chT 0405"]
[Site "Austria"]
[Date "2005.01.13"]
[Round "4"]
[White "Zetthofer, Gerald"]
[Black "Genser, Harald"]
[Result "1/2-1/2"]
[WhiteElo "2249"]
[BlackElo "2298"]
[PlyCount "51"]
[EventDate "2004.11.19"]
[EventType "team"]
[EventRounds "11"]
[EventCountry "AUT"]
[SourceTitle "EXT 2006"]
[Source "ChessBase"]
[SourceDate "2005.11.24"]
[SourceVersion "1"]
[SourceVersionDate "2005.11.24"]
[SourceQuality "1"]
[WhiteTeam "Donau"]
[BlackTeam "Klagenfurt"]
[WhiteTeamCountry "AUT"]
[BlackTeamCountry "AUT"]

1. d4 d5 2. c4 c6 3. Nc3 Nf6 4. cxd5 cxd5 5. Bf4 Nc6 6. Nf3 a6 7. e3 Bg4 8. h3 Bxf3 9. Qxf3 e6 10. Bd3 Bd6 11. Bg5 Be7 12. 0-0 0-0 13. Rac1 Rc8 14. Qe2 Nd7 15. Bf4 Nb6 16. Nb1 Nb4 17. b3 Qd7 18. Qd2 Nxd3 19. Qxd3 Rc6 20. Qd2 Rfc8 21. a3 Rxc1 22. Rxc1 Rc6 23. Rxc6 Qxc6 24. a4 Kf8 25. Qc3 Qxc3 26. Nxc3 1/2-1/2

[Event "Vienna-ch"]
[Site "Vienna"]
[Date "2004.10.25"]
[Round "2"]
[White "Zetthofer, Gerald"]
[Black "Petschar, Hans"]
[Result "1-0"]
[WhiteElo "2257"]
[BlackElo "2050"]
[PlyCount "79"]
[EventDate "2004.??.??"]
[EventType "swiss"]
[EventRounds "7"]
[EventCountry "AUT"]
[SourceTitle "EXT 2005"]
[Source "ChessBase"]
[SourceDate "2004.11.15"]
[SourceVersion "1"]
[SourceVersionDate "2004.11.15"]
[SourceQuality "1"]

1. d4 d6 2. c4 Nf6 3. Nc3 g6 4. g3 Bg7 5. Bg2 0-0 6. Nf3 Nc6 7. 0-0 a6 8. b3 Rb8 9. Be3 b5 10. Nd2 Bd7 11. Rc1 e5 12. cxb5 axb5 13. d5 Ne7 14. b4 Nh5 15. Nb3 f5 16. Bg5 f4 17. Ne4 Nf6 18. Nxf6+ Bxf6 19. Bxf6 Rxf6 20. Nd2 fxg3 21. fxg3 Rxf1+ 22. Qxf1 Nf5 23. Ne4 Rc8 24. g4 Ne3 25. Qf2 Nxg2 26. Kxg2 Kg7 27. Rf1 Qe7 28. Nf6 Rf8 29. g5 Rf7 30. Qh4 Kh8 31. Qh6 Bf5 32. e4 Rxf6 33. gxf6 Bxe4+ 34. Kg3 Qf7 35. Qg5 Bxd5 36. Qg4 Bb7 37. Qe2 h5 38. Qxb5 Be4 39. Qb8+ Kh7 40. Qd8 1-0

[Event "AUT-chT2O 0304"]
[Site "Austria"]
[Date "2004.02.28"]
[Round "10.6"]
[White "Ponjican, Erich"]
[Black "Zetthofer, Gerald"]
[Result "1-0"]
[WhiteElo "2115"]
[BlackElo "2225"]
[PlyCount "55"]
[EventDate "2003.10.25"]
[EventType "team-tourn"]
[EventRounds "11"]
[EventCountry "AUT"]
[SourceTitle "EXT 2005"]
[Source "ChessBase"]
[SourceDate "2004.11.15"]
[SourceVersion "1"]
[SourceVersionDate "2004.11.15"]
[SourceQuality "1"]
[WhiteTeam "Tschaturanga II"]
[BlackTeam "Donau Schach Mattes"]
[WhiteTeamCountry "AUT"]
[BlackTeamCountry "AUT"]

1. e4 e6 2. d4 d5 3. Nc3 Bb4 4. e5 b6 5. Qg4 Bf8 6. Nf3 Qd7 7. Bb5 c6 8. Be2 Ba6 9. 0-0 Ne7 10. Rd1 Nf5 11. a4 Be7 12. Bg5 h6 13. Bxe7 Qxe7 14. a5 Bxe2 15. Nxe2 b5 16. c3 c5 17. dxc5 Qxc5 18. Ned4 Nxd4 19. cxd4 Qf8 20. Rac1 Nd7 21. Rc7 g6 22. Rdc1 Kd8 23. Qf4 Qe7 24. Qd2 f5 25. exf6 Qxf6 26. Qb4 a6 27. Qd6 Rh7 28. Ne5 1-0

[Event "AUT-chT2O 0304"]
[Site "Austria"]
[Date "2003.10.26"]
[Round "2.6"]
[White "Kralik, Walter"]
[Black "Zetthofer, Gerald"]
[Result "0-1"]
[WhiteElo "1926"]
[BlackElo "2225"]
[PlyCount "90"]
[EventDate "2003.10.25"]
[EventType "team-tourn"]
[EventRounds "11"]
[EventCountry "AUT"]
[SourceTitle "EXT 2005"]
[Source "ChessBase"]
[SourceDate "2004.11.15"]
[SourceVersion "1"]
[SourceVersionDate "2004.11.15"]
[SourceQuality "1"]
[WhiteTeam "Mauerbach"]
[BlackTeam "Donau Schach Mattes"]
[WhiteTeamCountry "AUT"]
[BlackTeamCountry "AUT"]

1. e4 e6 2. d4 d5 3. Nc3 Bb4 4. e5 b6 5. Qg4 Bf8 6. h4 Qd7 7. Nh3 Ne7 8. Bd3 Ba6 9. Qe2 Bxd3 10. Qxd3 c5 11. dxc5 bxc5 12. g4 Nbc6 13. f4 h5 14. g5 Nf5 15. g6 f6 16. exf6 gxf6 17. g7 Bxg7 18. Rg1 c4 19. Qe2 Ncd4 20. Qg2 Bf8 21. b3 Nxh4 22. Qf2 Nhf3+ 23. Kf1 Nxg1 24. Kxg1 Rg8+ 25. Kh2 e5 26. Be3 Nf5 27. fxe5 fxe5 28. Rd1 d4 29. Bg5 Rc8 30. Ne4 Bg7 31. Qxf5 Qxf5 32. Nd6+ Kd7 33. Nxf5 cxb3 34. cxb3 Rc2+ 35. Rd2 Rxd2+ 36. Bxd2 e4 37. Bf4 Ke6 38. Ng3 Kd5 39. Nxh5 Be5 40. Ng3 d3 41. Nf5 Bxf4+ 42. Nxf4+ Ke5 43. Ne7 Kxf4 44. Nxg8 d2 45. Nf6 d1Q 0-1

[Event "AUT-chT2O 0203"]
[Site "Austria"]
[Date "2003.01.26"]
[Round "7.5"]
[White "Zetthofer, Gerald"]
[Black "Schroll, Gerhard"]
[Result "0-1"]
[WhiteElo "2258"]
[BlackElo "2381"]
[PlyCount "59"]
[EventDate "2002.10.25"]
[EventType "team-tourn"]
[EventRounds "11"]
[EventCountry "AUT"]
[SourceTitle "EXT 2020"]
[Source "ChessBase"]
[SourceDate "2019.10.17"]
[SourceVersion "1"]
[SourceVersionDate "2019.10.17"]
[SourceQuality "1"]
[WhiteTeam "Donau"]
[BlackTeam "Wiener Neustadt"]
[WhiteTeamCountry "AUT"]
[BlackTeamCountry "AUT"]

1. c4 f5 2. Nc3 Nf6 3. d4 g6 4. g3 Bg7 5. Bg2 0-0 6. e4 Nxe4 7. Nxe4 fxe4 8. Bxe4 e6 9. Be3 d5 10. Bg2 Nc6 11. Nf3 dxc4 12. 0-0 e5 13. d5 e4 14. Ng5 Ne5 15. Bxe4 Qf6 16. f3 Nf7 17. Nxf7 Rxf7 18. Rf2 Bf5 19. Qc2 c3 20. Rb1 cxb2 21. Rd2 Bxe4 22. fxe4 Raf8 23. Bf4 g5 24. d6 gxf4 25. dxc7 Qb6+ 26. Kg2 Rxc7 27. Qd3 f3+ 28. Kf1 Rc1+ 29. Rd1 Rxb1 30. Rxb1 0-1

[Event "AUT-chT2O 0203"]
[Site "Austria"]
[Date "2002.11.23"]
[Round "4.5"]
[White "Zetthofer, Gerald"]
[Black "Schumi, Manfred"]
[Result "0-1"]
[WhiteElo "2258"]
[BlackElo "2217"]
[PlyCount "66"]
[EventDate "2002.10.25"]
[EventType "team-tourn"]
[EventRounds "11"]
[EventCountry "AUT"]
[SourceTitle "EXT 2020"]
[Source "ChessBase"]
[SourceDate "2019.10.17"]
[SourceVersion "1"]
[SourceVersionDate "2019.10.17"]
[SourceQuality "1"]
[WhiteTeam "Donau"]
[BlackTeam "Wien Austria"]
[WhiteTeamCountry "AUT"]
[BlackTeamCountry "AUT"]

1. c4 g6 2. Nc3 Bg7 3. d4 Nf6 4. e4 d6 5. Be2 0-0 6. Nf3 e5 7. 0-0 Na6 8. a3 c6 9. b4 exd4 10. Nxd4 Re8 11. Bf3 Nc7 12. Ra2 c5 13. Nb3 Nd7 14. Bb2 Ne5 15. Be2 Be6 16. Nd5 Bxd5 17. exd5 h6 18. f4 Nd7 19. Bxg7 Kxg7 20. Bd3 f5 21. g4 fxg4 22. Qxg4 Re3 23. Rd2 Nf6 24. Qg2 Kh8 25. f5 gxf5 26. Rxf5 Qe7 27. h4 Re1+ 28. Kh2 Ne4 29. Bxe4 Rxe4 30. Qg5 Rxh4+ 31. Kg3 Qxg5+ 32. Rxg5 Rxc4 33. Kh2 Rg8 0-1

[Event "AUT-chT2O 0203"]
[Site "Austria"]
[Date "2002.10.09"]
[Round "11.5"]
[White "Batyte, Daiva"]
[Black "Zetthofer, Gerald"]
[Result "1/2-1/2"]
[WhiteElo "2166"]
[BlackElo "2258"]
[PlyCount "96"]
[EventDate "2002.10.25"]
[EventType "team-tourn"]
[EventRounds "11"]
[EventCountry "AUT"]
[SourceTitle "EXT 2020"]
[Source "ChessBase"]
[SourceDate "2019.10.17"]
[SourceVersion "1"]
[SourceVersionDate "2019.10.17"]
[SourceQuality "1"]
[WhiteTeam "Stockerau"]
[BlackTeam "Donau"]
[WhiteTeamCountry "AUT"]
[BlackTeamCountry "AUT"]

1. e4 e6 2. d4 d5 3. e5 c5 4. c3 Qb6 5. Nf3 Bd7 6. Be2 Bb5 7. c4 Bxc4 8. Bxc4 dxc4 9. d5 exd5 10. Qxd5 Ne7 11. Qxc4 Nbc6 12. 0-0 Qb4 13. Qe2 Rd8 14. Nc3 Nd5 15. e6 f6 16. Nxd5 Rxd5 17. Bd2 Qa4 18. b3 Qa6 19. Qxa6 bxa6 20. Bf4 g5 21. Be3 Bd6 22. Rad1 Rxd1 23. Rxd1 Ke7 24. Nd2 Nd4 25. Ne4 Kxe6 26. b4 Nf5 27. Bxc5 Rd8 28. Nxd6 Nxd6 29. Bxa7 Rc8 30. Bc5 Ne4 31. Be3 Rc2 32. a4 Nc3 33. Rd3 Nxa4 34. h4 Rc4 35. hxg5 fxg5 36. Rb3 g4 37. Bd2 Rc2 38. Be3 Rb2 39. Rxb2 Nxb2 40. Kh2 Nd3 41. Kg3 Kf5 42. Bd2 h5 43. f3 Ne5 44. fxg4+ hxg4 45. Bf4 Nd3 46. Bd6 Ke6 47. Bf8 Kf7 48. Bd6 Ke6 1/2-1/2

[Event "AUT-chT2O 0102"]
[Site "Austria"]
[Date "2002.03.09"]
[Round "10.5"]
[White "Steiner, Johann"]
[Black "Zetthofer, Gerald"]
[Result "0-1"]
[WhiteElo "2131"]
[BlackElo "2222"]
[PlyCount "86"]
[EventDate "2001.11.??"]
[EventType "team"]
[EventRounds "11"]
[EventCountry "AUT"]
[SourceTitle "EXT 2003"]
[Source "ChessBase"]
[SourceDate "2002.11.25"]
[SourceVersion "1"]
[SourceVersionDate "2002.11.25"]
[SourceQuality "1"]

1. e4 e6 2. d4 d5 3. exd5 exd5 4. Bd3 Nc6 5. c3 Bd6 6. Ne2 Qf6 7. Be3 Nge7 8. Ng3 g6 9. Nd2 h5 10. Qe2 h4 11. Ngf1 h3 12. g3 Bf5 13. Bxf5 Qxf5 14. 0-0-0 0-0-0 15. g4 Qd7 16. f4 Rde8 17. Rg1 Ng8 18. Qf3 Nf6 19. g5 Ne4 20. Nxe4 dxe4 21. Qg4 Ne7 22. Qxd7+ Kxd7 23. c4 Nf5 24. Rg4 c6 25. Kd2 Rh4 26. Rxh4 Nxh4 27. Ng3 Nf5 28. Nxf5 gxf5 29. Rg1 Rh8 30. g6 fxg6 31. Rxg6 Rh4 32. Rg7+ Ke6 33. Rxb7 Bxf4 34. Bxf4 Rxf4 35. Ke3 Rf3+ 36. Ke2 Rd3 37. d5+ cxd5 38. cxd5+ Ke5 39. Rh7 f4 40. Rh5+ Kd4 41. d6 f3+ 42. Ke1 Ke3 43. Rxh3 Rxd6 0-1

[Event "AUT-chT2O 0102"]
[Site "Austria"]
[Date "2002.01.20"]
[Round "7.5"]
[White "Zetthofer, Gerald"]
[Black "Wadsack, Wolfgang"]
[Result "1/2-1/2"]
[WhiteElo "2222"]
[BlackElo "2167"]
[PlyCount "88"]
[EventDate "2001.11.??"]
[EventType "team"]
[EventRounds "11"]
[EventCountry "AUT"]
[SourceTitle "EXT 2003"]
[Source "ChessBase"]
[SourceDate "2002.11.25"]
[SourceVersion "1"]
[SourceVersionDate "2002.11.25"]
[SourceQuality "1"]

1. d4 d5 2. c4 dxc4 3. Nc3 e5 4. Nf3 exd4 5. Nxd4 a6 6. Qa4+ Bd7 7. Qxc4 c5 8. Nb3 Be6 9. Qe4 Nc6 10. Bf4 Nf6 11. Qb1 Nd4 12. Nd2 Qd7 13. e4 Bd6 14. Bg5 Be7 15. Bd3 h6 16. Bf4 Rd8 17. 0-0 0-0 18. Rd1 Bg4 19. f3 Ne6 20. Bg3 Qxd3 21. Nd5 Rxd5 22. exd5 Qxd5 23. fxg4 Qd4+ 24. Bf2 Qxg4 25. Qd3 Qxg2+ 26. Kxg2 Nf4+ 27. Kf3 Nxd3 28. Nc4 Nxf2 29. Kxf2 b5 30. Ne5 Re8 31. Kf3 c4 32. Nc6 Bc5 33. Re1 Rc8 34. Ne7+ Bxe7 35. Rxe7 Rc5 36. Rae1 Rf5+ 37. Kg2 Ng4 38. h3 Nf6 39. R1e5 Rf4 40. Ra7 Rd4 41. Kf3 Rd3+ 42. Re3 Rd2 43. Re2 Rd3+ 44. Re3 Rd2 1/2-1/2

[Event "AUT-chT2O 0102"]
[Site "Austria"]
[Date "2001.11.18"]
[Round "5.5"]
[White "Zetthofer, Gerald"]
[Black "Steinert, Martin"]
[Result "1-0"]
[WhiteElo "2246"]
[BlackElo "2115"]
[PlyCount "77"]
[EventDate "2001.11.??"]
[EventType "team"]
[EventRounds "11"]
[EventCountry "AUT"]
[SourceTitle "EXT 2003"]
[Source "ChessBase"]
[SourceDate "2002.11.25"]
[SourceVersion "1"]
[SourceVersionDate "2002.11.25"]
[SourceQuality "1"]

1. c4 e5 2. Nc3 Nc6 3. g3 g6 4. Bg2 Bg7 5. Nf3 Nge7 6. 0-0 0-0 7. d3 h6 8. Rb1 f5 9. Bd2 g5 10. b4 Ng6 11. Ne1 f4 12. e3 Nce7 13. Nc2 d6 14. Nd5 c6 15. Nxe7+ Qxe7 16. b5 c5 17. Qe2 Qf6 18. Bd5+ Kh8 19. f3 Bh3 20. Rf2 Rab8 21. a4 h5 22. Re1 Bh6 23. Na3 Ne7 24. Be4 Rf7 25. Nb1 Nf5 26. Bxf5 Bxf5 27. Nc3 Qg6 28. Ne4 Rbf8 29. Kh1 fxg3 30. hxg3 g4 31. f4 Bxe4+ 32. dxe4 Qxe4+ 33. Kg1 Rf5 34. Bc3 Kh7 35. Rd1 h4 36. Rxd6 hxg3 37. Rg2 exf4 38. Qxg4 Qxe3+ 39. Kh1 1-0

[Event "AUT-chT2O 0001"]
[Site "Austria"]
[Date "2001.??.??"]
[Round "9"]
[White "Zetthofer, Gerald"]
[Black "Pernerstorfer, Johannes"]
[Result "0-1"]
[WhiteElo "2240"]
[BlackElo "2165"]
[PlyCount "73"]
[EventDate "2000.??.??"]
[EventType "team"]
[EventRounds "11"]
[EventCountry "AUT"]
[SourceTitle "EXT 2003"]
[Source "ChessBase"]
[SourceDate "2002.11.25"]
[SourceVersion "1"]
[SourceVersionDate "2002.11.25"]
[SourceQuality "1"]

1. d4 Nf6 2. c4 g6 3. Nc3 Bg7 4. e4 d6 5. Nf3 0-0 6. Be2 e5 7. 0-0 Nc6 8. d5 Ne7 9. Nd2 Nd7 10. b4 f5 11. f3 f4 12. a4 g5 13. Ba3 Ng6 14. c5 Nf6 15. Nc4 Ne8 16. Rc1 Rf7 17. Qb3 Bf8 18. cxd6 Nxd6 19. Nxd6 cxd6 20. a5 h5 21. h3 Nh4 22. Nd1 g4 23. fxg4 Qg5 24. Nf2 f3 25. Bxf3 Nxf3+ 26. gxf3 Qh4 27. Nh1 Bh6 28. Rc2 Bf4 29. Bc1 Qxh3 30. Bxf4 Rxf4 31. Rh2 Rxg4+ 32. fxg4 Qxb3 33. Rxh5 Qe3+ 34. Rf2 Bxg4 35. Rh4 Bd7 36. Rhh2 Bh3 37. Ng3 0-1

[Event "AUT-chT2O 0001"]
[Site "Austria"]
[Date "2000.??.??"]
[Round "4"]
[White "Lovrinovic, Christian"]
[Black "Zetthofer, Gerald"]
[Result "1/2-1/2"]
[WhiteElo "2165"]
[BlackElo "2240"]
[PlyCount "70"]
[EventDate "2000.??.??"]
[EventType "team"]
[EventRounds "11"]
[EventCountry "AUT"]
[SourceTitle "EXT 2003"]
[Source "ChessBase"]
[SourceDate "2002.11.25"]
[SourceVersion "1"]
[SourceVersionDate "2002.11.25"]
[SourceQuality "1"]

1. d4 d5 2. c4 e6 3. Nc3 Nf6 4. cxd5 exd5 5. Bg5 Be7 6. e3 0-0 7. Bd3 c6 8. Qc2 Nbd7 9. Nge2 Re8 10. h3 Nf8 11. 0-0-0 b5 12. Kb1 Bd7 13. g4 a5 14. Ng3 g6 15. Bf4 Be6 16. Rdg1 a4 17. Nce2 Qb6 18. Nf5 N6d7 19. Nxe7+ Rxe7 20. Ng3 b4 21. Qd2 c5 22. dxc5 Nxc5 23. Nf5 Bxf5 24. gxf5 Ne4 25. Bxe4 dxe4 26. Qd6 Rb7 27. Rc1 Qxd6 28. Bxd6 gxf5 29. Rhg1+ Ng6 30. h4 Rd8 31. Bc5 Rc8 32. h5 Rbc7 33. Bxb4 Rxc1+ 34. Rxc1 Rxc1+ 35. Kxc1 Ne5 1/2-1/2

[Event "AUT-chT2O 0001"]
[Site "Austria"]
[Date "2000.??.??"]
[Round "?"]
[White "Schirmbeck, Hannes"]
[Black "Zetthofer, Gerald"]
[Result "1/2-1/2"]
[WhiteElo "2175"]
[BlackElo "2205"]
[PlyCount "98"]
[EventDate "2000.??.??"]
[EventType "team"]
[EventRounds "11"]
[EventCountry "AUT"]
[SourceTitle "EXT 2003"]
[Source "ChessBase"]
[SourceDate "2002.11.25"]
[SourceVersion "1"]
[SourceVersionDate "2002.11.25"]
[SourceQuality "1"]

1. e4 e6 2. d4 d5 3. exd5 exd5 4. Nf3 Nf6 5. c4 c6 6. Nc3 Bd6 7. cxd5 Nxd5 8. Nxd5 cxd5 9. Be2 0-0 10. 0-0 Re8 11. Re1 Nc6 12. a3 Bg4 13. Be3 Qb6 14. Ng5 Bxe2 15. Qxe2 h6 16. Nxf7 Kxf7 17. Qh5+ g6 18. Qxd5+ Re6 19. Bf4 Nxd4 20. Rxe6 Nxe6 21. Bxd6 Qc6 22. Qe5 Rd8 23. Bb4 Qd5 24. Re1 Qxe5 25. Rxe5 Rd1+ 26. Re1 Rd5 27. g3 a5 28. Bc3 a4 29. Kg2 h5 30. Re4 b5 31. Re5 Rxe5 32. Bxe5 Nc5 33. Kf3 Ke6 34. Bc3 Kf5 35. h3 Ke6 36. Bd4 Na6 37. Ke4 b4 38. g4 hxg4 39. hxg4 bxa3 40. bxa3 Nc7 41. f4 Nb5 42. Bb2 Nc7 43. f5+ gxf5+ 44. gxf5+ Ke7 45. Ke5 Kf7 46. Kd6 Nb5+ 47. Kd5 Ke7 48. Kc5 Nxa3 49. Bxa3 Kf6 1/2-1/2

[Event "AUT-chT2O 0001"]
[Site "Austria"]
[Date "2000.??.??"]
[Round "?"]
[White "Sulyok, Michael"]
[Black "Zetthofer, Gerald"]
[Result "1/2-1/2"]
[WhiteElo "2245"]
[BlackElo "2210"]
[PlyCount "93"]
[EventDate "2000.??.??"]
[EventType "team"]
[EventRounds "11"]
[EventCountry "AUT"]
[SourceTitle "EXT 2002"]
[Source "ChessBase"]
[SourceDate "2001.11.25"]
[SourceVersion "1"]
[SourceVersionDate "2001.11.25"]
[SourceQuality "1"]

1. c4 c6 2. g3 d5 3. Bg2 Nf6 4. Nf3 Bf5 5. cxd5 Qxd5 6. 0-0 Bxb1 7. Rxb1 Qxa2 8. Qc2 Na6 9. d3 Nb4 10. Qc4 Qxc4 11. dxc4 e6 12. Rd1 Bc5 13. Ne5 Ke7 14. Bd2 a5 15. g4 Rhd8 16. Bc3 Rd6 17. Rxd6 Bxd6 18. g5 Ne8 19. b3 f6 20. gxf6+ gxf6 21. Nf3 Bc5 22. Nd2 Nd6 23. Ne4 Nxe4 24. Bxe4 f5 25. Bg2 Nc2 26. Rb2 Nb4 27. Rb1 Bd6 28. Ra1 Ra6 29. Bf1 c5 30. Bg2 b6 31. Bxb4 cxb4 32. Bc6 Ra7 33. Rd1 Rc7 34. Bb5 e5 35. Rd3 e4 36. Rh3 Kf6 37. Rh6+ Ke5 38. e3 Bc5 39. Kf1 Rf7 40. Be8 Rf6 41. Rxh7 f4 42. Rh5+ Kd6 43. Rd5+ Kc7 44. Rd7+ Kb8 45. Rd8+ Kc7 46. Rd7+ Kc8 47. Rf7 1/2-1/2

[Event "AUT-chT2O 0001"]
[Site "Austria"]
[Date "2000.??.??"]
[Round "?"]
[White "Zetthofer, Gerald"]
[Black "Bachofner, Andreas"]
[Result "0-1"]
[WhiteElo "2210"]
[BlackElo "2196"]
[PlyCount "72"]
[EventDate "2000.??.??"]
[EventType "team"]
[EventRounds "11"]
[EventCountry "AUT"]
[SourceTitle "EXT 2002"]
[Source "ChessBase"]
[SourceDate "2001.11.25"]
[SourceVersion "1"]
[SourceVersionDate "2001.11.25"]
[SourceQuality "1"]

1. c4 f5 2. Nc3 Nf6 3. g3 d6 4. d4 g6 5. Bg2 Bg7 6. Nf3 0-0 7. 0-0 Qe8 8. Re1 Qf7 9. b3 Ne4 10. Bb2 Nc6 11. Rc1 e5 12. e3 Nxc3 13. Bxc3 e4 14. Nd2 g5 15. b4 a5 16. a3 axb4 17. axb4 Ne7 18. Ra1 Be6 19. Bf1 c6 20. b5 d5 21. Bb4 f4 22. Rxa8 Rxa8 23. Bxe7 Qxe7 24. Qc2 h5 25. Nb3 h4 26. Nc5 hxg3 27. hxg3 Bg4 28. cxd5 cxd5 29. Qb3 Rd8 30. exf4 Bxd4 31. Nxe4 Kh8 32. Bg2 gxf4 33. gxf4 dxe4 34. Rxe4 Qh4 35. Qa2 Bc3 36. Bf1 Bf3 0-1

[Event "AUT-chT2O 9900"]
[Site "Austria"]
[Date "1999.11.14"]
[Round "4.4"]
[White "Hangweyrer, Manfred"]
[Black "Zetthofer, Gerald"]
[Result "1/2-1/2"]
[WhiteElo "2367"]
[BlackElo "2210"]
[PlyCount "45"]
[EventDate "1999.??.??"]
[EventType "team"]
[EventRounds "11"]
[EventCountry "AUT"]
[SourceTitle "EXT 2001"]
[Source "ChessBase"]
[SourceDate "2000.11.22"]
[SourceVersion "1"]
[SourceVersionDate "2000.11.22"]
[SourceQuality "1"]

1. e4 e6 2. d3 d5 3. Nd2 c5 4. Ngf3 Nc6 5. g3 Nf6 6. Bg2 Be7 7. 0-0 0-0 8. Re1 b5 9. e5 Nd7 10. Nf1 a5 11. h4 Ba6 12. N1h2 Qc7 13. Bf4 Rfc8 14. Ng4 Qd8 15. h5 h6 16. Bh3 Nf8 17. c3 Nh7 18. a3 b4 19. Bg2 Qb6 20. Qd2 Rcb8 21. Rec1 c4 22. Be3 Qb7 23. axb4 1/2-1/2

[Event "AUT-chT2O 9900"]
[Site "Austria"]
[Date "1999.11.13"]
[Round "3.4"]
[White "Zetthofer, Gerald"]
[Black "Gugler, Edgar"]
[Result "1-0"]
[WhiteElo "2210"]
[BlackElo "2220"]
[PlyCount "93"]
[EventDate "1999.??.??"]
[EventType "team"]
[EventRounds "11"]
[EventCountry "AUT"]
[SourceTitle "EXT 2001"]
[Source "ChessBase"]
[SourceDate "2000.11.22"]
[SourceVersion "1"]
[SourceVersionDate "2000.11.22"]
[SourceQuality "1"]

1. c4 Nf6 2. Nc3 c5 3. g3 Nc6 4. Bg2 g6 5. Nf3 Bg7 6. d4 cxd4 7. Nxd4 0-0 8. 0-0 Ng4 9. e3 Nge5 10. b3 d6 11. h3 Rb8 12. Bb2 Nxd4 13. exd4 Nc6 14. Ne2 Bf5 15. Qd2 h5 16. Rfe1 e5 17. Rad1 a5 18. dxe5 dxe5 19. Nc3 Nd4 20. Ne4 b6 21. Ba3 Bxh3 22. Bxf8 Bxf8 23. Qg5 Bxg2 24. Kxg2 Qxg5 25. Nxg5 f6 26. Nf3 Bc5 27. Nxd4 Bxd4 28. f4 a4 29. Re2 axb3 30. axb3 Ra8 31. fxe5 fxe5 32. Kf3 Kf7 33. Ke4 Ke6 34. Rc2 Rf8 35. Rg2 Kd6 36. b4 Rc8 37. Rc2 Rf8 38. c5+ Kc6 39. Rb1 bxc5 40. bxc5 h4 41. Rb6+ Kc7 42. Rxg6 hxg3 43. Rxg3 Rf7 44. Rg6 Rh7 45. c6 Rh4+ 46. Kd5 Rh7 47. Rcg2 1-0

[Event "AUT-chT2O 9899"]
[Site "Austria"]
[Date "1999.??.??"]
[Round "9"]
[White "Eibersberger, Manfred"]
[Black "Zetthofer, Gerald"]
[Result "0-1"]
[WhiteElo "2165"]
[BlackElo "2210"]
[PlyCount "70"]
[EventDate "1998.10.??"]
[EventType "team"]
[EventRounds "11"]
[EventCountry "AUT"]
[SourceTitle "EXT 2000"]
[Source "ChessBase"]
[SourceDate "1999.11.16"]
[SourceVersion "1"]
[SourceVersionDate "1999.11.16"]
[SourceQuality "1"]

1. c4 e6 2. Nc3 d5 3. d4 Nf6 4. Nf3 Nbd7 5. g3 c6 6. Bg2 Bd6 7. 0-0 0-0 8. b3 Qe7 9. Bb2 a6 10. a4 dxc4 11. bxc4 e5 12. e3 Re8 13. Qc2 c5 14. d5 Rb8 15. Nd2 h6 16. Nde4 Nxe4 17. Nxe4 Nf6 18. Nxd6 Qxd6 19. Bc3 b5 20. axb5 axb5 21. cxb5 Rxb5 22. Rfb1 Bd7 23. e4 h5 24. Rxb5 Bxb5 25. Rb1 Bd7 26. Qb2 h4 27. Qb6 Qxb6 28. Rxb6 h3 29. Bf3 Ra8 30. Bxe5 Ra3 31. Bxf6 gxf6 32. Be2 Ra1+ 33. Bf1 c4 34. Rc6 c3 35. f3 Bxc6 0-1

[Event "AUT-chT2O 9899"]
[Site "Austria"]
[Date "1998.??.??"]
[Round "2"]
[White "Holzer, Gerhard"]
[Black "Zetthofer, Gerald"]
[Result "1-0"]
[WhiteElo "2255"]
[BlackElo "2210"]
[PlyCount "59"]
[EventDate "1998.10.??"]
[EventType "team"]
[EventRounds "11"]
[EventCountry "AUT"]
[SourceTitle "EXT 2000"]
[Source "ChessBase"]
[SourceDate "1999.11.16"]
[SourceVersion "1"]
[SourceVersionDate "1999.11.16"]
[SourceQuality "1"]

1. Nc3 d5 2. e4 dxe4 3. Nxe4 Nd7 4. Bc4 e6 5. Nf3 Ngf6 6. Nxf6+ Nxf6 7. 0-0 c5 8. b3 Be7 9. Bb2 0-0 10. Ne5 Nd5 11. f4 f6 12. Ng4 Kh8 13. Rf3 Qd6 14. Qf1 Bd7 15. Re1 Rad8 16. f5 exf5 17. Rd3 Bc6 18. Qxf5 Qd7 19. Rxd5 Bxd5 20. Qxd7 Rxd7 21. Bxd5 Rxd5 22. Rxe7 Rxd2 23. Ne3 h5 24. Bc1 Rd4 25. Rxb7 a5 26. Rc7 a4 27. Rxc5 axb3 28. axb3 Ra8 29. Rxh5+ Kg8 30. Rf5 1-0